000 00862nam a2200229 i 4500
001 bg
100 1 _aKRZYŻANOWSKI, Leszek Jerzy
245 1 0 _aNauki organizacji i zarządzania w Polsce w latach 1900-1995 /
_cLeszek J. Krzyżanowski ; Komitet Nauk Organizacji i Zarządzania Polskiej Akademii Nauk.
260 _aWarszawa :
_bInstytut Organizacji i Zarządzania w Przemyśle "Orgmasz",
_c1995.
300 _a123 s. ;
_c24 cm.
504 _aBibliogr. publikacji przy rozdz.
650 9 _aZarządzanie
_xteoria
_xhistoria
_zPolska
_y20 w.
650 9 _aOrganizacja
_xteoria
_xhistoria
_zPolska
_y20 w.
710 _aKOMITET NAUK ORGANIZACJI i ZARZĄDZANIA POLSKIEJ AKADEMII NAUK
020 _a8390210576
040 _cBPK
041 0 _apl
080 _a65.01(438)"19"
920 _a83-902105-7-6
942 _cKS
008 s pl f |000 0 pol
999 _c33292
_d33292
856 _uhttp://koha.tu.koszalin.pl/cgi-bin/koha/opac-detail.pl?biblionumber=33292
_yKatalog online BPK